MDQL
is popping MORE tags! Check the
thread
!
Quizzes
Events
Quiz Creation
Community
Videos
Private Events
Remove Ads
Sign In
Join for FREE
Feedback
Dark Mode
Quiz Categories
Sports
Geography
Music
Movies
Television
Just For Fun
Miscellaneous
History
Literature
Language
Science
Gaming
Entertainment
Religion
Holiday
For Kids
Quiz Lab
Recent
Popular Today
Quiz Kudos Today
Editor Picks
Curator Picks
Quizzes by...
Day
Popularity
Type
Ratings
Length
Year
Community
Subscriptions
Recent Discussions
Orange Saloon
Badges
Playlists
Quests
Create
Leaderboards
Showdown
Live 5
Trivia Bingo
Activity
Puzzle Library
Sporcle Events
Private Events
Virtual Trivia
Globe League
Become a Host
Pub Owners
SporcleCon
Opinionation
Our Games
Videos
Blog
Mobile Apps
Partnerships
Remove Ads and Go Orange
Feedback
Sports
Athletes
MLB
NBA
NHL
NFL
Soccer
Sports Teams
WWE
NCAA
Football
Premier League
Basketball
Baseball
Hockey
Golf
Tennis
Cricket
Rugby
Auto Racing
Olympics
World Cup
Sports
Athletes
MLB
NBA
NHL
NFL
Soccer
Sports Teams
WWE
NCAA
Football
Premier League
Basketball
Baseball
Hockey
Golf
Tennis
Cricket
Rugby
Auto Racing
Olympics
World Cup
Random Quiz
Search Sporcle
×
Quiz Lab
Quiz Lab
Sports
Clickable
Select answers by clicking on text or image buttons
Select answers by clicking on text or image buttons
Clickable
Best Score? Go Orange.
Football (soccer) player by countries Stats
Can you pick the football (soccer) player by countries?
By
realuka
6m
45 Questions
276 Plays
276 Plays
276 Plays
Comments
Comments
Give Quiz Kudos
Give Quiz Kudos
-
- Ratings
hide this ad
Forced Order
Answers have to be entered in order
Answers have to be entered in order
Random Order
Randomize order of answers
Randomize order of answers
Replay
Link that replays current quiz
Next Quiz
Link to next quiz in quiz playlist
You Got
0%
They Got
Avg Score
69%
Avg Friend Score
Upgrade to see
Score Distribution
Jump to the score distribution portion of the page
Score
0/45
Timer
06:00
0
Plays Today
% Correct
Iker Casillas
86.2%
Kaka
85.1%
Steven Gerrard
85.1%
Son Heung-Min
84.4%
Thiery Henry
83.3%
Robbie Keane
83%
Robert Lewandowski
83%
Landon Donovan
82.6%
Francesco Totti
81.9%
Marco Reus
80.4%
Keisuke Honda
80.1%
Yaya Toure
80.1%
Andrei Arshavin
79.7%
Theofanis Gekas
77.9%
Ricardo Quaresma
77.5%
Emmanuel Adebayor
76.4%
Clarence Seedorf
76.1%
Javier Zanetti
75.4%
Rafa Marquez
73.9%
Kim Källström
73.6%
Yossi Benayoun
73.6%
Asamoah Gyan
72.8%
Mark Schwarzer
72.1%
% Correct
Steven Pienaar
70.7%
Arturo Vidal
69.9%
Marouane Chamakh
69.6%
John Arne Riise
69.2%
Darijo Srna
68.1%
Antonio Valencia
68.1%
Marek Hamšík
65.6%
Alexander Hleb
64.9%
Arda Turan
63.4%
Wilson Palacios
62%
Jevhen Konopljanka
61.6%
Milan Jovanović
61.6%
Michael Krohn-Dehli
60.1%
Jaroslav Plašil
57.2%
Óscar Cardozo
56.2%
Jefferson Farfán
55.1%
Mohamed Sissoko
51.4%
Hakan Yakin
47.8%
Mario Yepes
44.9%
Sebastián Abreu
43.5%
Joël Matip
42.4%
Alexander Ring
34.1%
Quiz Playlist
Details
Report
Send in Message
Add To Playlist
Clickable:
Select answers by clicking on text or image buttons
Forced Order:
Answers have to be entered in order
Random Order:
Randomize order of answers
Last Updated: Feb 16, 2017
Quiz Scoreboard
CHALLENGE
Sign Up to Join the Scoreboard
Show All
Scores
Hide
Comments
May contain spoilers
Recently Published
Two Season TV Shows II
by 123Four
Television
10m
Image Sorting: Flags VI
by Barbecue
Geography
2m
Find the 'City' Movie
by crazypaving
Movies
60s
More to Explore
Quiz From the Vault
Featured Blog Post
14 Easter Pick-up Lines to Find Eggs With
hide this ad
You Might Also Like...
Tags
Clickable Quiz
Football Quiz
Soccer Quiz
Countries Linking
Player
Today's Top Quizzes in Sports
Browse Sports
hide this ad
Today's Top Quizzes in Clickable
Browse Clickable
Top Contributed Quizzes in Sports
1
Les meilleurs buteurs des matchs entre le PSG et l’OM
2
Les entraîneurs de l'OM et du PSG au 21e siècle
3
2022 World Cup Stars
4
Les joueurs passés par le PSG et l'OM
5
Players with Multiple 50 Home Run Seasons
6
Criteria MLB: Left Handed Sluggers
7
FIFA Club World Cup Champions
8
Les joueurs passés par le LOSC et le RC Lens
9
NBA Logic Puzzle 2.0
10
Top 10 NHL Goal Scorers of All Time
Explore More
Trending Topics
Anime
Disney
Crossword
Kpop
NBA
Marvel
Harry Potter
WWE
Soccer
Song
The Office
Country
NFL
Pokémon
Puzzle
hide this ad
More By:
realuka
Quiz
Plays
Rating
Category
Featured
Created
Football (soccer) player by countries
276
4.33
Sports
Dec 23, 2012
Separated by 'in'
239
5.00
Movies
Mar 8, 2014
ATP Tour cities
227
5.00
Sports
Jul 23, 2013
What is missing? (Geography)
204
3.75
Geography
Sep 4, 2015
Croatian soccer representation team captains
126
Sports
Oct 29, 2012
Go to Creator's Profile
Score Distribution
Quiz Creator Spotlight
realuka
Follow
Send a Message
Quizzes Created
-
Created Quiz Play Count
-
More By This Creator
Popular Quizzes Today
1
Colored Red Africa Blitz
2
Find the US States - No Outlines Minefield
3
Find the 'City' Movie
4
5x2 Blitz: Bands
5
The Countries of the World
6
Find the US States
7
Find the Countries of Europe - No Outlines Minefield
8
US States
More Sports Quizzes
Most Weeks in AP Football Poll Without #1
Published
Trending Quizzes
Colored Red Europe Blitz I
Colored Red Africa Blitz II
Colored Red Europe Blitz II
Colored Red Africa Blitz III
Colored Red Europe Blitz III
Recently Updated
How Do You Spell That?
pecheneg
Godzilla Movies
pecheneg
Grab Bag: 4-10 Letters
pecheneg
2024 March Madness Bracket
pecheneg
Famous TV Couples
Peacemaker
Champions League XIs: Real Madrid
pecheneg
Largest US Cities 1790-2010
pecheneg
Rides in Walt Disney World
pecheneg
Most Oscar Losses (Acting)
pecheneg
Beyoncé Albums
pecheneg
Trending Topics
Disney
Kpop
Anime
Crossword
Harry Potter
NBA
Marvel
Country
NFL
Soccer
The Office
Song
Pokémon
WWE
Puzzle
Your Account Isn't Verified!
In order to create a playlist on Sporcle, you need to verify the email address you used during registration. Go to your
Sporcle Settings
to finish the process.
Report this User
Report this user for behavior that violates our
Community Guidelines
.
Details:
Send Report
Go to the Sporcle.com Mobile Site →
Comments